Dictionary of national biography. 4 V (Record no. 23128)

MARC details
000 -LEADER
fixed length control field 00295nam a2200109Ia 4500
082 ## - DEWEY DECIMAL CLASSIFICATION NUMBER
Classification number 929(038)
Item number SEN
100 ## - MAIN ENTRY--AUTHOR NAME
Personal name Sen, S P
245 #0 - TITLE STATEMENT
Title Dictionary of national biography. 4 V
260 ## - PUBLICATION, DISTRIBUTION, ETC. (IMPRINT)
Place of publication Calcutta
Name of publisher Inst of Historical Studies
Year of publication 1974
942 ## - ADDED ENTRY ELEMENTS (KOHA)
Koha item type Books
Holdings
Withdrawn status Lost status Damaged status Not for loan Home library Current library Date acquired Full call number Accession Number Koha item type
        RRII Library RRII Library 16/12/2021 929(038) SEN 03830 Books